000 00774cam a22002531 4500
999 _c17792
_d17792
001 8814915
003 BDDh-ASL
005 20231015025635.0
008 750418s1946 enkab b 000 0 eng
010 _aa 47003036
035 _a(OCoLC)1286108
040 _aDLC
_cOClW
_dBDDh-ASL
042 _apremarc
050 0 0 _aDS422.C3
_bH8
082 _a305.554
_bHUC
100 1 _aHutton, J. H.
_q(John Henry),
_d1885-1968.
245 1 0 _aCaste in India:
_bits nature, function and origins /
_cJ. H. Hutton.
260 _aCambridge [Eng.]
_bThe University Press,
_c1946.
300 _aviii, 279 p.:
_billus., fold. map;
_c22 cm.
504 _aBibliography: p. [233]-241.
650 0 _aCaste
_zIndia.
906 _a7
_bcbc
_coclcrpl
_du
_encip
_f19
_gy-gencatlg
942 _2ddc
_cBK